Statistics for Historical Timeline of Czech Republic

Click here to take the quiz!

General Stats

  • This quiz has been taken 75 times
  • The average score is 12 of 14

Answer Stats

YearHintAnswer% Correct
20R____ EmpireRoman Empire
97%
1993C____ RepublicCzech Republic
93%
1918First C___________ RepublicFirst Czechoslovak Republic
92%
833Great Mo_____Great Moravia
89%
Duchy of Bo_____Duchy of Bohemia
89%
Margraviate of Mo_____Margraviate of Moravia
89%
Kingdom of Bo_____Kingdom of Bohemia
89%
1804A_______ EmpireAustrian Empire
85%
1867A______-H______Austria-Hungary
84%
1945C_____________Czechoslovakia
84%
370H_____ EmpireHunnic Empire
79%
H_______ MonarchyHabsburg Monarchy
72%
1939G______Germany
69%
567Av__ KhaganateAvar Khaganate
59%

Score Distribution

Percentile by Number Answered

Percent of People with Each Score

Your Score History

You have not taken this quiz